Animal cells : culture and media /

Animal information

Bibliographic Details
Main Author: Darling, David C.
Other Authors: Morgan, Sara J.
Format: Book
Language:English
Published: Chichester ; New York : J. Wiley, [1994]
Series:Essential data series.
Subjects:

MARC

Tag First Indicator Second Indicator Subfields
LEADER 00000cam a2200000 a 4500
001 in00004488913
005 20191202143912.0
008 940801s1994 enka b 001 0 eng
010 |a  94031441  
015 |a GB95-2697 
020 |a 0471943002 :  |c $12.95 
035 |a (OCoLC)30972712 
035 |9 AAG2889MS 
035 |z (UtOrBLW)20032 
035 |a 32593 
040 |a DLC  |c DLC  |d UKM  |d AGL  |d TMV  |d UtOrBLW 
049 |a TMVM  |c 1 
050 0 0 |a QH585.2  |b .D37 1994 
070 0 |a Q4585.2.D37  |b 1994 
072 0 |a L600  |a L200 
082 0 0 |a 591/.0724  |2 20 
096 |a QH 585.2  |b D221a 1994 
100 1 |a Darling, David C. 
245 1 0 |a Animal cells :  |b culture and media /  |c D.C. Darling, S.J. Morgan. 
264 1 |a Chichester ;  |a New York :  |b J. Wiley,  |c [1994] 
264 4 |c ©1994 
300 |a xiii, 151 pages :  |b illustrations ;  |c 19 cm. 
336 |a text  |2 rdacontent  |b txt 
337 |a unmediated  |2 rdamedia 
338 |a volume  |2 rdacarrier  |b nc 
490 1 |a Essential data series 
500 |a "Published in association with BIOS Scientific Publishers Limited." 
504 |a Includes bibliographical references (pages 126-137) and index. 
505 0 |a Culture media -- Supplements to media -- Culture vessels -- Cells -- Culturing cells -- Manufacturers and suppliers -- Safety -- Handling cells -- Chemical hazards. 
520 8 |a Animal information 
650 2 |a Cells, Cultured. 
650 2 |a Culture Media. 
700 1 |a Morgan, Sara J. 
830 0 |a Essential data series. 
948 |a Keep per EC, 2003 evaluation; retention reasons in 505, 520, 599, or 650 fields; 11/17/2003, sg. 
999 |a MARS 
999 f f |s 73714577-9fc9-3451-bd97-f8bb2460d2b9  |i 6b361a8d-0622-3c1b-a965-2e80f4106615  |t 0 
952 f f |p ric  |a Texas A&M University  |b Rellis Campus  |c Joint Library Facility  |d Remote Storage  |t 0  |e QH 585.2 D221a 1994  |h National Library of Medicine classification  |i unmediated -- volume  |m 3238901161371 
998 f f |a QH 585.2 D221a 1994  |t 0  |l Remote Storage